[Event "ICS rated blitz match"]
[Site "204.178.125.65"]
[Date "1999.12.12"]
[Round "?"]
[White "theSearcher"]
[Black "Hossa"]
[Result "0-1"]
[WhiteElo "2217"]
[BlackElo "2398"]
[PlyCount "120"]

1. e3 g6 2. d4 Bg7 3. Nf3 Nf6 4. Bd3 d5 5. Nbd2 O-O 6. O-O Nbd7 7. c4 dxc4 8.
Nxc4 c5 9. Re1 b6 10. a4 Bb7 11. a5 Bxf3 12. Qxf3 b5 13. Ne5 Nxe5 14. dxe5 Qxd3
15. exf6 Bxf6 16. Rd1 Qf5 17. Qxf5 gxf5 18. Kf1 Rfd8 19. Rxd8+ Rxd8 20. Ke2 c4
21. Ra3 b4 22. Ra4 Rb8 23. a6 c3 24. bxc3 Bxc3 25. Bd2 Bxd2 26. Kxd2 b3 27. Kc1
Rb6 28. Kb2 Kg7 29. Ra3 Kf6 30. Rxb3 Rxa6 31. f4 Rd6 32. Ra3 Rd2+ 33. Kc3 Rxg2
34. Rxa7 Rxh2 35. Kd4 Rd2+ 36. Kc3 Rd8 37. Ra6+ e6 38. Ra4 h5 39. Ra2 h4 40.
Rh2 Rh8 41. Kd4 h3 42. e4 Rd8+ 43. Ke3 Rb8 44. e5+ Kg6 45. Kd4 Rb3 46. Kc4 Rf3
47. Kc5 Kh5 48. Kd6 Kg4 49. Ke7 Kg3 50. Rh1 Kg2 51. Rb1 Rxf4 52. Kxf7 h2 53.
Kxe6 Rf1 54. Rb2+ Kg3 55. Rxh2 Kxh2 56. Kf6 f4 57. e6 Re1 58. e7 f3 59. Kf7
Rxe7+ 60. Kxe7 f2 0-1

[Event "ICS rated blitz match"]
[Site "204.178.125.65"]
[Date "1999.12.12"]
[Round "?"]
[White "Hossa"]
[Black "PostModernist"]
[Result "1-0"]
[WhiteElo "2402"]
[BlackElo "2608"]
[PlyCount "97"]

1. c4 e6 2. Nc3 Bb4 3. d4 Nf6 4. a3 Bxc3+ 5. bxc3 c5 6. dxc5 Qa5 7. Qd3 Na6 8.
c6 dxc6 9. Nf3 Nc5 10. Qc2 Bd7 11. e3 O-O-O 12. a4 Nfe4 13. Bb2 Qc7 14. Bd3
Nxd3+ 15. Qxd3 f5 16. O-O Be8 17. Qc2 h6 18. Nd4 Bd7 19. f3 Nd6 20. Bc1 Qb6 21.
a5 Qa6 22. c5 Ne8 23. Rd1 Nf6 24. c4 Kb8 25. Bb2 Rhe8 26. Bc3 Rf8 27. Ne2 g5
28. Qb2 Ne8 29. Be5+ Kc8 30. Qd4 h5 31. Nc3 f4 32. Na2 b6 33. axb6 Qb7 34. bxa7
Nc7 35. Bxc7 Qxa7 36. Bxd8 Rxd8 37. Nc3 e5 38. Qxe5 Qb8 39. Qxg5 fxe3 40. Rdb1
Qxb1+ 41. Rxb1 e2 42. Nxe2 Bh3 43. Qf4 Be6 44. Rb8+ Kd7 45. Qd6+ Ke8 46. Qxe6+
Kf8 47. Rxd8+ Kg7 48. Rg8+ Kh7 49. Qg6# 1-0

[Event "ICS rated blitz match"]
[Site "204.178.125.65"]
[Date "1999.12.12"]
[Round "?"]
[White "PostModernist"]
[Black "Hossa"]
[Result "1-0"]
[WhiteElo "2583"]
[BlackElo "2427"]
[PlyCount "87"]

1. e4 c6 2. c4 d5 3. exd5 cxd5 4. cxd5 Nf6 5. Nc3 Nxd5 6. Nf3 Nc6 7. Bb5 Ndb4
8. O-O Bg4 9. d4 e6 10. Be3 Be7 11. a3 Nd5 12. Bxc6+ bxc6 13. Qa4 Bxf3 14.
Qxc6+ Kf8 15. gxf3 Rc8 16. Qa6 Rb8 17. Nxd5 Qxd5 18. Qxa7 Bd6 19. Rfc1 Qh5 20.
Qd7 Qxh2+ 21. Kf1 g5 22. Bxg5 Kg7 23. b4 h6 24. Be3 Rhd8 25. Qc6 Rbc8 26. Qe4
Rxc1+ 27. Rxc1 Rg8 28. Ke2 h5 29. Qb1 Kf8 30. Rh1 Qg2 31. Rxh5 Ke8 32. Qe4 Kd7
33. Qb7+ Kd8 34. Ra5 Bc7 35. Ra7 Qh2 36. Ra8+ Ke7 37. Rxg8 Kd6 38. Bg5 f6 39.
Rg7 Qxf2+ 40. Kxf2 e5 41. Qxc7+ Kd5 42. Qc5+ Ke6 43. Qc6+ Kf5 44. Qxf6# 1-0

[Event "ICS rated blitz match"]
[Site "204.178.125.65"]
[Date "1999.12.12"]
[Round "?"]
[White "star"]
[Black "Hossa"]
[Result "0-1"]
[WhiteElo "2412"]
[BlackElo "2418"]
[PlyCount "156"]

1. Nf3 Nf6 2. d4 e6 3. c4 Bb4+ 4. Bd2 Nc6 5. Bxb4 Nxb4 6. Nc3 O-O 7. a3 Nc6 8.
e3 d6 9. Bd3 e5 10. O-O exd4 11. exd4 Bg4 12. Be2 Re8 13. d5 Bxf3 14. Bxf3 Ne5
15. Be2 Qe7 16. Re1 Nfd7 17. Rc1 Nb6 18. b3 Qh4 19. Nb5 Qd8 20. Bg4 a6 21. Nd4
Qg5 22. Bf5 a5 23. Rc3 a4 24. Re4 Qf6 25. f4 Ng6 26. Qc2 Re7 27. Rce3 axb3 28.
Qxb3 Rae8 29. Rxe7 Rxe7 30. Qc3 Nxf4 31. Be4 Qg5 32. h4 Qf6 33. g3 h6 34. Kh2
Na4 35. Qa5 g6 36. Qd2 Nb6 37. Bd3 Rxe3 38. Qxe3 Nxd3 39. Qxd3 Qf2+ 40. Kh3 Qa2
41. Nb3 Qxa3 42. g4 Qa4 43. c5 Qc4 44. Qxc4 Nxc4 45. Kg3 b5 46. cxd6 cxd6 47.
Kf4 f6 48. h5 gxh5 49. gxh5 Nb6 50. Ke4 b4 51. Nd4 Kh7 52. Nb3 Kg7 53. Nd4 Kg8
54. Nf5 b3 55. Kd3 Nxd5 56. Nxh6+ Kh7 57. Nf5 Nf4+ 58. Kc3 d5 59. Kxb3 Nxh5 60.
Kc3 Nf4 61. Ne3 Kh6 62. Kd4 Kg6 63. Nc2 Kf5 64. Nb4 Ke6 65. Ke3 Ke5 66. Nc6+
Kd6 67. Nd4 Ne6 68. Nf3 f5 69. Kd3 f4 70. Kc3 Kc5 71. Kd3 Kc6 72. Ne5+ Kd6 73.
Nf7+ Kc5 74. Ne5 Ng5 75. Nd7+ Kc6 76. Ne5+ Kd6 77. Ng4 Nf3 78. Nf2 Ke6 0-1

[Event "ICS Rated standard match"]
[Site "204.178.125.65"]
[Date "1999.12.12"]
[Round "?"]
[White "star"]
[Black "Hossa"]
[Result "1-0"]
[WhiteElo "2371"]
[BlackElo "2261"]
[PlyCount "137"]

1. e4 c5 2. c3 d5 3. exd5 Qxd5 4. d4 Nf6 5. Nf3 e6 6. Na3 Nc6 7. Nb5 Qd8 8.
dxc5 Bxc5 9. Qxd8+ Kxd8 10. Bg5 Bd7 11. Rd1 a6 12. Nd6 Bxd6 13. Rxd6 Kc7 14.
Rd1 Rad8 15. Bc4 Na5 16. Be2 Bc6 17. Nd2 Bxg2 18. Rg1 Bh3 19. Bf4+ Kc8 20. Rxg7
Rhg8 21. Rxf7 Rg1+ 22. Nf1 Rxd1+ 23. Kxd1 Nd5 24. Ke1 Bxf1 25. Bxf1 Nc4 26.
Rf8+ Kd7 27. b3 Nxf4 28. Rxf4 Ne5 29. Ke2 h5 30. a4 Ng6 31. Rb4 Kc7 32. f4 Rg4
33. Rc4+ Kd6 34. Rd4+ Kc7 35. Ke3 Ne7 36. Re4 Nf5+ 37. Kf3 Rg6 38. Re5 Rf6 39.
Bc4 Kd6 40. Ke4 Ng7 41. Rg5 Rf7 42. Rg6 Re7 43. Rh6 a5 44. Be2 Rc7 45. Kd3 Rc5
46. Rh7 Rd5+ 47. Ke4 Ne8 48. Rxb7 Nf6+ 49. Ke3 Rf5 50. Bf3 e5 51. Rb6+ Ke7 52.
fxe5 Rxe5+ 53. Kf4 Rc5 54. c4 Ne8 55. h4 Nc7 56. Ke3 Re5+ 57. Kd4 Re1 58. Rb7
Kd8 59. Ra7 Ne6+ 60. Kd5 Nf4+ 61. Kc5 Re3 62. Bc6 Rxb3 63. Kd6 Kc8 64. Ra8+ Rb8
65. Rxa5 Rb1 66. Ra8+ Rb8 67. Bd7+ Kb7 68. Rxb8+ Kxb8 69. c5 1-0

[Event "ICS rated bullet match"]
[Site "204.178.125.65"]
[Date "1999.12.12"]
[Round "?"]
[White "Gregorio"]
[Black "Hossa"]
[Result "1-0"]
[WhiteElo "2230"]
[BlackElo "2561"]
[PlyCount "75"]

1. d4 d6 2. c4 e5 3. Nf3 exd4 4. Nxd4 Qe7 5. Nc3 c6 6. Bf4 Nf6 7. e3 Bg4 8. Be2
Bxe2 9. Qxe2 Nbd7 10. Rd1 Ne4 11. Nxe4 Qxe4 12. O-O Be7 13. f3 Qg6 14. e4 Qf6
15. Nf5 Ne5 16. Be3 g6 17. f4 gxf5 18. fxe5 dxe5 19. Rxf5 Qg7 20. Qh5 Rg8 21.
Rf2 a6 22. Qf5 Rd8 23. Rxd8+ Bxd8 24. Rd2 f6 25. Qe6+ Be7 26. Bc5 f5 27. Bxe7
Qxe7 28. Qxg8+ Qf8 29. Rd8+ Kxd8 30. Qxf8+ Kd7 31. exf5 b5 32. f6 Ke6 33. Qe7+
Kf5 34. f7 Ke4 35. f8=Q Kd3 36. Qxe5 Kc2 37. Qf1 bxc4 38. Qee2# 1-0

[Event "ICS rated bullet match"]
[Site "204.178.125.65"]
[Date "1999.12.12"]
[Round "?"]
[White "Hossa"]
[Black "Gregorio"]
[Result "0-1"]
[WhiteElo "2533"]
[BlackElo "2258"]
[PlyCount "82"]

1. e4 e5 2. Nf3 Nc6 3. Bb5 a6 4. Ba4 Nf6 5. O-O Be7 6. Qe2 b5 7. Bb3 O-O 8. Nc3
Nd4 9. Nxd4 exd4 10. Nd5 Bb7 11. Nxe7+ Qxe7 12. d3 d5 13. f3 c5 14. Re1 c4 15.
dxc4 dxc4 16. Bxc4 bxc4 17. Qxc4 Qe5 18. Rd1 Rfc8 19. Qd3 Qc5 20. Rd2 Rd8 21.
Kh1 Rd7 22. Rb1 a5 23. a4 Ba6 24. Qb3 Rc8 25. Ra1 d3 26. c3 Bc4 27. Qd1 Rb8 28.
Ra3 Nh5 29. b3 Ng3+ 30. hxg3 Rb6 31. Rxd3 Rxd3 32. Qe1 g5 33. Bxg5 Qxg5 34. Ra1
Qc5 35. Qg1 Rh6+ 36. Qh2 Rxh2+ 37. Kxh2 Rd6 38. g4 Qf2 39. g5 Rd2 40. Kh3 Be6+
41. Kh2 Qxg2# 0-1

[Event "ICS rated blitz match"]
[Site "204.178.125.65"]
[Date "1999.12.12"]
[Round "?"]
[White "Hossa"]
[Black "PostModernist"]
[Result "1-0"]
[WhiteElo "2434"]
[BlackElo "2594"]
[PlyCount "161"]

1. e4 c5 2. Nf3 Nc6 3. d4 cxd4 4. Nxd4 e6 5. Nc3 Nf6 6. Nxc6 bxc6 7. e5 Nd5 8.
Ne4 Qc7 9. f4 Qa5+ 10. c3 Be7 11. Bd3 Qb6 12. c4 f5 13. Nd6+ Bxd6 14. exd6 Nf6
15. Qc2 Qb4+ 16. Bd2 Qxd6 17. O-O Qd4+ 18. Kh1 Ne4 19. Bb4 a5 20. Ba3 Nc5 21.
Bxf5 exf5 22. Rad1 Qe4 23. Rfe1 Kf7 24. Rxe4 Nxe4 25. Qe2 g6 26. c5 Ba6 27. Qe3
Rad8 28. Qd4 Rhg8 29. b4 a4 30. Bb2 Kf8 31. Re1 Bb5 32. Bc3 Kf7 33. Kg1 Nxc3
34. Qxc3 Rge8 35. Re5 Rxe5 36. fxe5 Re8 37. Qd4 Kg8 38. h4 Re7 39. h5 gxh5 40.
Qh4 Rf7 41. Qxh5 Bc4 42. Qg5+ Kh8 43. Qd8+ Kg7 44. a3 f4 45. Qh4 Bd5 46. Qg5+
Kh8 47. Qd8+ Kg7 48. Qa8 Kh6 49. b5 Rg7 50. Qf8 cxb5 51. Qxf4+ Rg5 52. g4 Bf7
53. Kf2 b4 54. axb4 a3 55. Kg3 a2 56. Kh4 Kg7 57. Qxg5+ Kf8 58. Qd8+ Kg7 59.
Qf6+ Kg8 60. e6 Bxe6 61. c6 a1=Q 62. Qxa1 dxc6 63. Qa8+ Kg7 64. Qxc6 Kf6 65.
Qxe6+ Kxe6 66. Kg5 Kd5 67. Kh6 Kc4 68. g5 Kxb4 69. Kxh7 Kc5 70. g6 Kd5 71. g7
Ke4 72. g8=Q Kd4 73. Qg3 Kc4 74. Kg7 Kd4 75. Kf6 Kd5 76. Qc3 Ke4 77. Qd2 Kf3
78. Kf5 Kg3 79. Qe2 Kh3 80. Kf4 Kh4 81. Qh2# 1-0

[Event "ICS rated blitz match"]
[Site "204.178.125.65"]
[Date "1999.12.12"]
[Round "?"]
[White "PostModernist"]
[Black "Hossa"]
[Result "1/2-1/2"]
[WhiteElo "2571"]
[BlackElo "2457"]
[PlyCount "87"]

1. e4 e5 2. Nf3 Nc6 3. Bb5 a6 4. Ba4 Nf6 5. O-O Be7 6. Re1 b5 7. Bb3 O-O 8. c3
d5 9. exd5 Nxd5 10. Nxe5 Nxe5 11. Rxe5 c6 12. d4 Bd6 13. Re1 Qh4 14. g3 Qh3 15.
Be3 Bg4 16. Qd3 Rae8 17. Nd2 Qh5 18. a4 Bf5 19. Qf1 Bh3 20. Bd1 Qf5 21. Qe2 Bf4
22. Qf3 Bxe3 23. fxe3 Qd3 24. Qf2 Nxe3 25. axb5 axb5 26. Bf3 Ng4 27. Bxg4 Bxg4
28. Nb3 Rxe1+ 29. Rxe1 Bh3 30. Nc5 Qg6 31. b3 f6 32. Qe2 Ra8 33. Qf3 Re8 34.
Ra1 Qg5 35. Nd3 Qd2 36. Qxc6 Kf8 37. Qd6+ Kg8 38. Qd5+ Kf8 39. Qc5+ Kg8 40. Qc6
Kf8 41. Qd6+ Kg8 42. Qd5+ Kf8 43. Qc5+ Kg8 44. Qc6 1/2-1/2

[Event "ICS rated blitz match"]
[Site "204.178.125.65"]
[Date "1999.12.12"]
[Round "?"]
[White "Hossa"]
[Black "PostModernist"]
[Result "1/2-1/2"]
[WhiteElo "2462"]
[BlackElo "2566"]
[PlyCount "184"]

1. e4 c5 2. Nf3 Nc6 3. d4 cxd4 4. Nxd4 Qb6 5. Nb3 e6 6. Bd3 Nf6 7. O-O Be7 8.
Be3 Qd8 9. Nc3 O-O 10. Re1 d6 11. Be2 a6 12. Qd2 b5 13. a3 Bb7 14. Rad1 Qe8 15.
Bg5 Rd8 16. Qe3 Nd7 17. Bxe7 Qxe7 18. Rd2 Nc5 19. Nxc5 dxc5 20. Red1 Rxd2 21.
Rxd2 Nd4 22. e5 Rd8 23. Bd3 Bc6 24. Ne2 Nxe2+ 25. Bxe2 Rxd2 26. Qxd2 Bd5 27.
Qa5 Bb7 28. a4 bxa4 29. Bxa6 g6 30. Bf1 Bc6 31. f4 Qb7 32. Qxc5 Be4 33. Bb5
Bxc2 34. Qxc2 Qb6+ 35. Qf2 Qxb5 36. Qd2 Kg7 37. h4 Qb3 38. Kh2 h5 39. g3 Qc4
40. Qd1 Qa2 41. Kg1 Qxb2 42. Qxa4 Qc1+ 43. Kh2 Qd2+ 44. Kh3 Qd5 45. Kh2 Qd3 46.
Qa2 Qe4 47. Qd2 Qf3 48. Qc2 Qa3 49. Qc7 Qb2+ 50. Kg1 Qa1+ 51. Kg2 Qa8+ 52. Kf2
Qa2+ 53. Kf3 Qd5+ 54. Kf2 Qd2+ 55. Kg1 Qe3+ 56. Kg2 Qe2+ 57. Kh3 Qf3 58. Kh2
Qf2+ 59. Kh3 Qg1 60. Qb7 Qf1+ 61. Kh2 Qd1 62. Qb2 Qd5 63. Qe2 Qd7 64. Qf3 Qd2+
65. Qg2 Qd1 66. Qb7 Qe2+ 67. Kh3 Qd3 68. Qc7 Qd2 69. Qc8 Qe1 70. Kg2 Qe2+ 71.
Kh3 Qf1+ 72. Kh2 Qf2+ 73. Kh3 Qf3 74. Kh2 Qe4 75. Qc3 Qe2+ 76. Kg1 Kg8 77. Qc8+
Kg7 78. Qd8 Qe3+ 79. Kh2 Qf2+ 80. Kh3 Qg1 81. Qa8 Qf1+ 82. Kh2 Qe2+ 83. Qg2 Qd1
84. Qa2 Qd4 85. Qc2 Qe3 86. Kg2 Kh6 87. Qb2 Kg7 88. Qb8 Qe2+ 89. Kh3 Qf1+ 90.
Kh2 Qf2+ 91. Kh3 Qg1 92. Qb7 Qf1+ 1/2-1/2

[Event "ICS rated blitz match"]
[Site "204.178.125.65"]
[Date "1999.12.12"]
[Round "?"]
[White "PostModernist"]
[Black "Hossa"]
[Result "1/2-1/2"]
[WhiteElo "2561"]
[BlackElo "2467"]
[PlyCount "90"]

1. Nf3 Nf6 2. c4 g6 3. b4 e5 4. Ba3 e4 5. Nd4 Bg7 6. e3 O-O 7. Be2 d5 8. O-O
dxc4 9. b5 Re8 10. Bxc4 Nd5 11. Nc3 Nb6 12. Qb3 Nxc4 13. Qxc4 Nd7 14. Qb4 Nf8
15. Rac1 Bg4 16. Nb3 a5 17. bxa6 Rxa6 18. Nxe4 Be2 19. Rfe1 Rb6 20. Qa5 Rxe4
21. Bxf8 Re5 22. Qa7 Bxf8 23. Rxe2 Reb5 24. Nd4 Ra6 25. Nxb5 Rxa7 26. Nxa7 c6
27. d4 Qb8 28. Nxc6 bxc6 29. g3 Ba3 30. Rc3 Qb1+ 31. Kg2 Bb4 32. Rb3 Qd1 33.
Reb2 Be1 34. Rb1 Qd2 35. R3b2 Qa5 36. Kg1 Bc3 37. Rc2 Kg7 38. Rbc1 Bd2 39. Rb1
h6 40. a3 Bc3 41. Rbc1 Be1 42. Re2 Bc3 43. Rec2 Be1 44. Re2 Bc3 45. Rec2 Be1
1/2-1/2

[Event "ICS rated blitz match"]
[Site "204.178.125.65"]
[Date "1999.12.12"]
[Round "?"]
[White "Hossa"]
[Black "Falke"]
[Result "0-1"]
[WhiteElo "2471"]
[BlackElo "2516"]
[PlyCount "142"]

1. e4 c5 2. Nf3 e6 3. d4 cxd4 4. Nxd4 Nf6 5. Nc3 d6 6. g3 a6 7. Bg2 Qc7 8. O-O
Be7 9. Bg5 O-O 10. Qd2 Nc6 11. Rab1 Nxd4 12. Qxd4 h6 13. Be3 Ng4 14. Rbd1 Nxe3
15. fxe3 Bd7 16. Rd2 Bc6 17. Rdf2 Qa5 18. Rd2 Bg5 19. Rf3 Rad8 20. Rd1 d5 21.
e5 Be7 22. a3 Bc5 23. Qf4 Qc7 24. Ne2 g5 25. Qf6 g4 26. Rf2 Bxe3 27. Rd4 Kh7
28. Rxg4 Rg8 29. Rgf4 Rd7 30. Kh1 Bxf2 31. Rxf2 Rg5 32. h4 Rxe5 33. g4 Bb5 34.
Ng1 Re1 35. a4 Bxa4 36. b3 Bc6 37. g5 hxg5 38. Qxg5 f5 39. Qh5+ Kg8 40. Qe8+
Kg7 41. Bf3 Rf7 42. Rg2+ Kf6 43. Qg8 Rb1 44. Bh5 d4 45. Qg6+ Ke5 46. Qxf7 Qxf7
47. Bxf7 d3 48. Kh2 Bxg2 49. cxd3 Bd5 50. Ne2 f4 51. d4+ Kf5 52. Bg6+ Kxg6 53.
Nxf4+ Kf5 54. Nxd5 exd5 55. Kg3 Rxb3+ 56. Kg2 Rh3 57. Kxh3 a5 58. h5 a4 59. h6
Kg6 60. Kg3 a3 61. Kf4 b5 62. h7 Kxh7 63. Ke5 a2 64. Ke6 b4 65. Ke5 b3 66. Kf4
b2 67. Ke5 b1=Q 68. Ke6 a1=Q 69. Ke5 Qg6 70. Kf4 Qf1+ 71. Ke5 Qff5# 0-1

[Event "ICS rated blitz match"]
[Site "204.178.125.65"]
[Date "1999.12.12"]
[Round "?"]
[White "PostModernist"]
[Black "Hossa"]
[Result "1-0"]
[WhiteElo "2557"]
[BlackElo "2457"]
[PlyCount "217"]

1. d4 Nf6 2. c4 e6 3. Nf3 b6 4. g3 Ba6 5. b3 Bb4+ 6. Bd2 Be7 7. Bg2 c6 8. O-O
d5 9. Ne5 Nfd7 10. Nxd7 Qxd7 11. Bc3 dxc4 12. d5 exd5 13. Bxg7 Rg8 14. Bd4 Qg4
15. Nc3 Nd7 16. Re1 f5 17. Bf3 Qg5 18. e3 O-O-O 19. Bg2 Nf6 20. bxc4 Bxc4 21.
Qa4 Kb7 22. Rab1 Rc8 23. Rb2 Rg6 24. Reb1 Bd8 25. a3 h5 26. Rb4 Ng4 27. e4 fxe4
28. Nxe4 Qf5 29. h3 Nxf2 30. Nc5+ Ka8 31. Bxf2 bxc5 32. Rb7 a6 33. Bxc5 Rg7 34.
R7b4 Qg6 35. Bf2 Bd3 36. Bf1 Bxf1 37. Kxf1 c5 38. R4b2 Qe6 39. Qb3 Qf5 40. Kg1
d4 41. Qc4 Ka7 42. Qf1 Rc6 43. Qc4 Qxh3 44. Qd5 Rxg3+ 45. Bxg3 Qxg3+ 46. Rg2
Qc7 47. Qxh5 Rf6 48. Qg4 Rf4 49. Qg3 Bh4 50. Qb3 a5 51. Qb5 Rf3 52. a4 c4 53.
Qd5 Rb3 54. Qxd4+ Qb6 55. Qxb6+ Kxb6 56. Rxb3+ cxb3 57. Rb2 Kc5 58. Rxb3 Be1
59. Kg2 Kd5 60. Kf3 Kd4 61. Kf4 Bd2+ 62. Kf5 Bc3 63. Rb1 Ke3 64. Rd1 Bd4 65.
Re1+ Kd3 66. Re8 Bc3 67. Re4 Bd2 68. Ke5 Kc2 69. Re2 Kc3 70. Kd5 Bf4 71. Re4
Bd2 72. Rd4 Be3 73. Rg4 Bh6 74. Rg6 Bf8 75. Rg3+ Kb4 76. Rg8 Bh6 77. Rg6 Bc1
78. Rg4+ Kb3 79. Kc5 Bd2 80. Kb5 Bb4 81. Rg3+ Kc2 82. Kc4 Be7 83. Rg2+ Kd1 84.
Kd3 Kc1 85. Kc3 Bb4+ 86. Kd4 Kb1 87. Kd3 Bd6 88. Rc2 Be7 89. Kc3 Bc5 90. Kb3
Ba7 91. Rc7 Bb8 92. Rb7 Bg3 93. Rg7 Bf2 94. Rf7 Be1 95. Rf1 Kc1 96. Rxe1+ Kd2
97. Re5 Kd3 98. Rxa5 Ke3 99. Re5+ Kf3 100. a5 Kg3 101. a6 Kf4 102. Re1 Kg4 103.
a7 Kg5 104. a8=Q Kf4 105. Qe4+ Kg3 106. Rg1+ Kf2 107. Rg2+ Kf1 108. Qf3+ Ke1
109. Qe2# 1-0

[Event "ICS rated blitz match"]
[Site "204.178.125.65"]
[Date "1999.12.12"]
[Round "?"]
[White "Hossa"]
[Black "PostModernist"]
[Result "1/2-1/2"]
[WhiteElo "2445"]
[BlackElo "2569"]
[PlyCount "275"]

1. e4 c5 2. Nf3 d6 3. d4 Nf6 4. Nc3 cxd4 5. Nxd4 Nc6 6. Be2 e5 7. Nb3 Be7 8.
O-O h6 9. Qd3 Nb4 10. Qd2 O-O 11. Rd1 Be6 12. a3 Nc6 13. Bd3 a5 14. Rb1 a4 15.
Na1 Ng4 16. h3 Nf6 17. Qe3 Nd4 18. Bd2 Nh5 19. Nb5 Nxb5 20. Bxb5 Bg5 21. Qf3
Nf4 22. h4 Bxh4 23. Bxf4 exf4 24. Qxf4 Ba2 25. Rxd6 Bxf2+ 26. Kxf2 Qa5 27. Rh1
Qxb5 28. Rdxh6 Qc5+ 29. Kf3 f5 30. Rh8+ Kf7 31. R8h5 g6 32. Rh7+ Ke8 33. e5 Bg8
34. Rg7 Bd5+ 35. Kg3 Qb6 36. Rhh7 Bf7 37. Kh2 Qe6 38. b4 Rd8 39. c4 Rd7 40. Nc2
Re7 41. Nd4 Qxe5 42. Qxe5 Rxe5 43. Nb5 Ke7 44. Rxg6 Re6 45. Rxe6+ Kxe6 46. Rh6+
Ke5 47. Nd6 f4 48. Nxb7 Bxc4 49. Rh5+ Kf6 50. Nc5 Rg8 51. Kh1 Bf1 52. Rh2 Bb5
53. Rh6+ Kf5 54. Nb7 Bf1 55. Rh2 Be2 56. Kg1 Rg3 57. Kf2 Bg4 58. Nd6+ Kg6 59.
Rh4 Kg5 60. Rh8 Rxa3 61. b5 Ra2+ 62. Kg1 Ra1+ 63. Kh2 a3 64. Rg8+ Kh4 65. b6 a2
66. Rh8+ Kg5 67. Ra8 Be6 68. Ne4+ Kf5 69. b7 Rb1 70. Nc3 Rxb7 71. Nxa2 Ke5 72.
Ra5+ Kd4 73. Ra4+ Bc4 74. Kh3 Rg7 75. Nb4 Bf1 76. Nc2+ Ke5 77. Ne1 Kf5 78. Kh2
Be2 79. Nc2 Ke5 80. Nd4 Bf1 81. Nc6+ Ke6 82. Rxf4 Bxg2 83. Nd4+ Ke5 84. Nf5 Rg5
85. Ra4 Be4 86. Ne7 Kf4 87. Nd5+ Rxd5 88. Ra7 Rd2+ 89. Kg1 Ke3 90. Ra3+ Kd4 91.
Ra4+ Ke5 92. Ra5+ Kf6 93. Ra6+ Kf5 94. Ra5+ Kg4 95. Ra3 Bf3 96. Re3 Kg3 97. Kf1
Rh2 98. Ke1 Rc2 99. Kf1 Kf4 100. Re7 Be4 101. Ra7 Ke3 102. Ra3+ Bd3+ 103. Kg1
Rb2 104. Rc3 Rb1+ 105. Kg2 Rb7 106. Kg3 Rg7+ 107. Kh3 Rg8 108. Rc6 Bf5+ 109.
Kh4 Kf4 110. Kh5 Rg1 111. Kh6 Ke5 112. Kh5 Kd5 113. Rc3 Kd4 114. Rc6 Ke5 115.
Rc4 Rg8 116. Rc6 Bd3 117. Rc5+ Kf4 118. Rc6 Rg7 119. Rf6+ Bf5 120. Rd6 Rg1 121.
Kh6 Rg8 122. Rf6 Ke5 123. Rf7 Rg6+ 124. Kh7 Rg1+ 125. Kh6 Kf4 126. Rf6 Rg8 127.
Rf7 Rg2 128. Rf6 Rg5 129. Rf7 Rg4 130. Rf6 Ke5 131. Rf8 Rg6+ 132. Kh7 Rg1+ 133.
Kh6 Ke4 134. Re8+ Kf4 135. Rf8 Rg4 136. Rf6 Rg3 137. Rf7 Rg6+ 138. Kh7 1/2-1/2

[Event "ICS rated blitz match"]
[Site "204.178.125.65"]
[Date "1999.12.12"]
[Round "?"]
[White "PostModernist"]
[Black "Hossa"]
[Result "1-0"]
[WhiteElo "2564"]
[BlackElo "2450"]
[PlyCount "197"]

1. e4 e5 2. Nf3 Nc6 3. Bb5 a6 4. Ba4 Nf6 5. O-O Be7 6. Re1 b5 7. Bb3 O-O 8. a4
Bb7 9. d3 Ng4 10. axb5 axb5 11. Rxa8 Qxa8 12. h3 Nf6 13. Nc3 Bb4 14. Bd2 Bxc3
15. bxc3 d6 16. Qe2 Qa5 17. Rb1 Nd8 18. Qe1 Qa7 19. Be3 Qb8 20. c4 bxc4 21.
Bxc4 Qa8 22. Qb4 d5 23. Bc5 Re8 24. Bb5 Bc6 25. exd5 Bxb5 26. Qxb5 Qxd5 27. Be3
Qxb5 28. Rxb5 e4 29. Ne5 exd3 30. cxd3 c6 31. Rb8 Rxe5 32. Rxd8+ Re8 33. Rxe8+
Nxe8 34. f4 Nf6 35. Kf2 Nd5 36. f5 Ne7 37. g4 Nd5 38. Kf3 g6 39. Bd4 gxf5 40.
gxf5 Nb4 41. Ke4 Nd5 42. f6 h5 43. Be5 Kh7 44. Kf5 Nb4 45. d4 Nd3 46. Bg3 Kh6
47. h4 c5 48. d5 c4 49. d6 Nc5 50. Be1 Kh7 51. Bb4 Nd7 52. Kg5 Kg8 53. Bc3 Kf8
54. Kxh5 Ke8 55. Kg4 Nf8 56. h5 Kd7 57. Kf5 Kc6 58. h6 Nh7 59. Ke5 Nf8 60. Ke4
Nh7 61. Be5 Ng5+ 62. Kf4 Nh7 63. Kf3 Nf8 64. Ke4 Ne6 65. Bc3 Ng5+ 66. Ke5 Nh7
67. Bb4 Kd7 68. Bd2 Kc6 69. Ba5 Kd7 70. Bb4 Kc6 71. Be1 Kd7 72. Ba5 Kc6 73. Bd2
Kd7 74. Be1 Kc6 75. Bg3 c3 76. Bf4 Nf8 77. Ke4 Nh7 78. Kd3 Nxf6 79. Bg3 Nh7 80.
Kxc3 f5 81. Kd4 f4 82. Bxf4 Kd7 83. Ke5 Nf8 84. Kf5 Ke8 85. Bg5 Nh7 86. Bh4 Nf8
87. Be7 Ne6 88. h7 Nd4+ 89. Ke4 Ne2 90. h8=Q+ Kd7 91. Qa8 Nc3+ 92. Kf5 Nb5 93.
Qb7+ Nc7 94. dxc7 Ke8 95. c8=Q+ Kf7 96. Ke5 Kg7 97. Qg4+ Kf7 98. Bd6+ Ke8 99.
Qgd7# 1-0

[Event "ICS rated blitz match"]
[Site "204.178.125.65"]
[Date "1999.12.12"]
[Round "?"]
[White "Hossa"]
[Black "PostModernist"]
[Result "0-1"]
[WhiteElo "2439"]
[BlackElo "2575"]
[PlyCount "176"]

1. e4 c5 2. Nf3 d6 3. d4 Nf6 4. Nc3 cxd4 5. Nxd4 Nc6 6. Be2 e6 7. O-O Be7 8.
Bg5 a6 9. Qd2 Bd7 10. Rad1 O-O 11. Nb3 b5 12. Bxf6 gxf6 13. Qe3 Kh8 14. Bh5 Ne5
15. Qd4 Rg8 16. f4 Nc4 17. Ne2 Rg7 18. Nd2 e5 19. fxe5 dxe5 20. Qf2 Nxb2 21.
Rc1 Bc6 22. Ng3 Na4 23. Kh1 Bd7 24. c4 Nb2 25. Rc2 Nxc4 26. Nxc4 bxc4 27. Be2
c3 28. Rxc3 Be6 29. Bh5 Qd4 30. Qc2 Rag8 31. Rc6 a5 32. Rc7 Bd8 33. Rc3 Rg5 34.
a3 Qa7 35. Rd3 Be7 36. Rc3 Qd4 37. Rc7 Qd6 38. a4 Bb3 39. Qc3 Bd8 40. Ra7 Qb8
41. Bxf7 Qxa7 42. Qxb3 Rf8 43. Bd5 Qc5 44. Qd1 Bb6 45. Nf5 Rc8 46. Nh6 Rg6 47.
Nf7+ Kg7 48. Bb3 Qc3 49. Nd6 Rd8 50. Nf5+ Kh8 51. Bd5 Qb2 52. Nh4 Rg5 53. Qf3
Rd6 54. Nf5 Rd7 55. Nh4 Bd8 56. Nf5 Rc7 57. Nd6 Rgg7 58. Rd1 Rc1 59. Nf7+ Rxf7
60. Bxf7 Qd2 61. Rf1 Rxf1+ 62. Qxf1 Qd4 63. Qb1 Qxa4 64. Bd5 Qd4 65. Qg1 a4 66.
Qxd4 exd4 67. Kg1 d3 68. Kf2 Ba5 69. g4 a3 70. h4 Kg7 71. g5 fxg5 72. hxg5 Bd2
73. g6 hxg6 74. e5 Bc3 75. e6 Kf6 76. Kf3 g5 77. Ke3 d2 78. Ke2 g4 79. e7 Kxe7
80. Kd1 g3 81. Ba2 g2 82. Kc2 g1=Q 83. Kxc3 d1=Q 84. Kb4 Qde1+ 85. Kb5 Qe2+ 86.
Bc4 Qb2+ 87. Kc6 Qbb6+ 88. Kd5 Qgd4# 0-1

[Event "ICS rated blitz match"]
[Site "204.178.125.65"]
[Date "1999.12.12"]
[Round "?"]
[White "PostModernist"]
[Black "Hossa"]
[Result "1-0"]
[WhiteElo "2585"]
[BlackElo "2429"]
[PlyCount "137"]

1. e4 c5 2. Nc3 e6 3. Nf3 a6 4. g3 Nc6 5. Bg2 Nf6 6. O-O d6 7. d4 cxd4 8. Nxd4
Bd7 9. b3 Be7 10. Bb2 O-O 11. Nce2 Rc8 12. c4 Ne5 13. Qd2 Qc7 14. a4 b6 15.
Rfd1 Rfd8 16. f3 Qc5 17. Ba3 Qc7 18. Nc3 Be8 19. Qf2 d5 20. exd5 Bxa3 21. Rxa3
exd5 22. Nxd5 Nxd5 23. cxd5 Rxd5 24. f4 Ng4 25. Qe1 Rxd4 26. Rxd4 Qc5 27. Qe4
Qxa3 28. Bf3 Qc1+ 29. Rd1 Qc5+ 30. Qd4 Qxd4+ 31. Rxd4 Rc1+ 32. Rd1 Rxd1+ 33.
Bxd1 Ne3 34. Be2 a5 35. Kf2 Nd5 36. h4 Bd7 37. Bc4 Nc3 38. Ke3 Bg4 39. Kd4 Nd1
40. Kd5 Bf3+ 41. Kd6 Ne3 42. Kc7 Nf5 43. Kxb6 Nxg3 44. Kxa5 Nf5 45. h5 Bxh5 46.
Kb6 Ne3 47. a5 Bf3 48. a6 h5 49. Bb5 g6 50. Bc6 Nd5+ 51. Kb7 Nb4 52. Bxf3 Nxa6
53. Kxa6 Kf8 54. b4 g5 55. fxg5 h4 56. b5 Kg7 57. b6 Kg6 58. b7 Kxg5 59. b8=Q
f6 60. Qg8+ Kf5 61. Qg4+ Ke5 62. Qxh4 f5 63. Qg5 Ke6 64. Kb7 f4 65. Bd5+ Kd6
66. Bf7 f3 67. Qf6+ Kd7 68. Qe6+ Kd8 69. Qd6# 1-0

[Event "ICS rated blitz match"]
[Site "204.178.125.65"]
[Date "1999.12.12"]
[Round "?"]
[White "Hossa"]
[Black "PostModernist"]
[Result "0-1"]
[WhiteElo "2420"]
[BlackElo "2594"]
[PlyCount "92"]

1. e4 c6 2. c4 d5 3. exd5 cxd5 4. cxd5 Nf6 5. Nc3 Nxd5 6. Nf3 Nc6 7. Bb5 Nxc3
8. bxc3 e6 9. d4 Be7 10. O-O Bd7 11. Bd3 Qc7 12. Rb1 O-O-O 13. Re1 f6 14. Qe2
Rde8 15. Bb5 g5 16. c4 g4 17. Bxc6 Bxc6 18. Nd2 Bd6 19. Nf1 h5 20. Bd2 f5 21.
Bc3 Be4 22. Rb5 a6 23. Rb3 h4 24. c5 Bf4 25. Bd2 e5 26. Bxf4 exf4 27. Qc4 f3
28. gxf3 gxf3 29. Kh1 Rhg8 30. c6 Qg7 31. cxb7+ Kb8 32. Ne3 Bd5 33. Qb4 Bxb3
34. axb3 Re6 35. Rc1 Rc6 36. Re1 f4 37. d5 fxe3 38. Qf4+ Rc7 39. Qxf3 Rf7 40.
Qh3 exf2 41. Qc8+ Rxc8 42. bxc8=Q+ Kxc8 43. Rc1+ Kd7 44. Rf1 h3 45. Rxf2 Qa1+
46. Rf1 Rxf1# 0-1

[Event "ICS rated blitz match"]
[Site "204.178.125.65"]
[Date "1999.12.12"]
[Round "?"]
[White "joejan"]
[Black "Hossa"]
[Result "0-1"]
[WhiteElo "2212"]
[BlackElo "2411"]
[PlyCount "64"]

1. e4 c6 2. d4 d5 3. exd5 cxd5 4. Bf4 Nc6 5. c3 Qb6 6. Qb3 Qxb3 7. axb3 Nf6 8.
Nd2 g6 9. Ngf3 Bg7 10. Be2 O-O 11. O-O Bg4 12. Rfe1 Rfc8 13. b4 e6 14. h3 Bf5
15. g4 Be4 16. Ng5 h6 17. Ngxe4 Nxe4 18. Nxe4 dxe4 19. Bd1 f5 20. Bb3 Nd8 21.
Rad1 a5 22. b5 a4 23. Ba2 a3 24. Re2 axb2 25. Rxb2 Rxc3 26. gxf5 gxf5 27. d5
Rd3 28. Rxd3 exd3 29. dxe6 Bxb2 30. e7+ Nf7 31. Bc7 Bf6 32. Bd8 Bxe7 0-1